00760nam a2200241 a 4500001001300000003000900013005001700022008004100039020001000080082001800090100002400108245005500132260005100187300000900238500003500247505005700282650002700339700002400366902000800390942000700398952009800405999001500503nice12345678IN_TiNIC20260116011641.0050524s1945 laha grp 000 0 urd  ac10000a297.297bABD1 aAbdul Haq, Vidyarti aAa`ina-E-Haq Numab in Reply of Satyarath Prakash. aLahorebAhmadiyya Anjuman Ishaat-E-Islamc1945 a440p aincludes index and biblioraphy2 aAlso Contains a First Reader in New Testament Greek. aIslam-Apologetic Works1 aAbdul Haq, Vidyarti bSRS cBK 00104070aHMIbHMId2007-07-26g100.00l0o297.297 ABD1p6436r2007-07-26w2026-01-16yARB c3138d3138